01388 a2200169 4500020001500000020001800015082001300033100001900046245010100065250001800166260004800184300002000232500001500252520078200267856008201049856008701131 a0134849086 a978013484908904a650.02851 aSenn, James A.10aInformation technology in business :bprinciples, practices, and opportunities /cJames A. Senn. aAnnotated ed. a[S.l.] :bPrentice Hall College Div,c1995. a16 p. ;c26 cm. aHardcover. aWritten by a highly regarded, internationally-known consultant and educator in business and information, this text examines the way IT is transforming the nature of business careers in the 1990s and beyond. Each chapter explores proven IT theories, frameworks, and principles concerning computers and communications networks - together with current on-the-job know-how drawn from the experiences of a wide variety of real-world businesses. The emphasis throughout is on the way information technology is used and applied for problem-solving, the new and emerging technologies as they are being implemented in real large and small organizations, applications to personal and professional practice, and the challenges and opportunities of IT in international business situations.403Amazon.comuhttp://www.amazon.com/exec/obidos/ASIN/0134849086/chopaconline-20403Amazon customer reviewsuhttp://www.chopac.org/cgi-bin/tools/azrev.pl?q=0134849086